Tensor analysis with applications in mechanics /

Bibliographic Details
Main Author: Lebedev, L. P.
Other Authors: Cloud, Michael J., Eremeyev, Victor A.
Format: Book
Language:English
Published: Singapore ; Hackensack, N.J. : World Scientific Publishing Company, [2010]
Subjects:

MARC

Tag First Indicator Second Indicator Subfields
LEADER 00000cam a2200000Ka 4500
001 in00002588521
005 20151201153550.0
008 100607s2010 si a b 001 0 eng d
020 |a 9789814313124 
020 |a 9814313122 
035 |a (OCoLC)ocn639101770 
040 |a SINTU  |c SINTU  |d YDX  |d BWX  |d UtOrBLW 
049 |a TXAM 
050 4 |a QA433  |b .L346 2010 
082 0 |a 515 
100 1 |a Lebedev, L. P. 
245 1 0 |a Tensor analysis with applications in mechanics /  |c Leonid P. Lebedev, Michael J. Cloud, Victor, A. Eremeyev. 
264 1 |a Singapore ;  |a Hackensack, N.J. :  |b World Scientific Publishing Company,  |c [2010] 
264 4 |c ©2010 
300 |a xiv, 363 pages :  |b illustrations ;  |c 24 cm. 
336 |a text  |b txt  |2 rdacontent 
337 |a unmediated  |b n  |2 rdamedia 
338 |a volume  |b nc  |2 rdacarrier 
504 |a Includes bibliographical references (pages 355-357) and index. 
650 0 |a Calculus of tensors. 
700 1 |a Cloud, Michael J. 
700 1 |a Eremeyev, Victor A. 
945 |a PromptCat  |b 47366 
946 |a stk 
947 |a A14840220037 
948 |a cataloged  |b h  |c 2010/8/18  |d c  |e dmitchel  |f 3:20:10 pm 
994 |a 92  |b TXA 
999 |a MARS 
999 f f |s 8cd37ade-9f16-3c19-b91b-4a96d6cb1986  |i c5098681-5f8a-3f1e-8832-3aefc02113ac  |t 0 
952 f f |p normal  |a Texas A&M University  |b College Station  |c Sterling C. Evans Library  |s Evans stk  |d Evans: Library Stacks  |t 0  |e QA433 .L346 2010  |h Library of Congress classification  |i unmediated -- volume  |m A14840220037 
998 f f |a QA433 .L346 2010  |t 0  |l Evans: Library Stacks